Cây xanh : Phát triển và quản lý trong môi trường đô thị

Cây xanh phát triển và quản lý trong môi trường được xuất bản với nội dung được trình bày là những kiến thức cơ bản về cây xanh và lâm nghiệp đô thị, phân tích kỹ thuật cơ bản ứng dụng trong quản lý trong môi trường đô thị....

全面介紹

Đã lưu trong:
書目詳細資料
主要作者: Chế, Đình Lý
格式: 圖書
語言:Undetermined
出版: Thành phố Hồ Chí Minh Nông nghiệp 1997
主題:
標簽: 添加標簽
沒有標簽, 成為第一個標記此記錄!
Thư viện lưu trữ: Trung tâm Học liệu Trường Đại học Cần Thơ
LEADER 00990nam a2200205Ia 4500
001 CTU_156483
008 210402s9999 xx 000 0 und d
082 |a 363.7 
082 |b L600 
100 |a Chế, Đình Lý 
245 0 |a Cây xanh : 
245 0 |b Phát triển và quản lý trong môi trường đô thị 
245 0 |c Chế Đình Lý 
260 |a Thành phố Hồ Chí Minh 
260 |b Nông nghiệp 
260 |c 1997 
520 |a Cây xanh phát triển và quản lý trong môi trường được xuất bản với nội dung được trình bày là những kiến thức cơ bản về cây xanh và lâm nghiệp đô thị, phân tích kỹ thuật cơ bản ứng dụng trong quản lý trong môi trường đô thị. 
650 |a Environmental engineering,Kỹ thuật môi trường 
904 |i QHieu 
980 |a Trung tâm Học liệu Trường Đại học Cần Thơ